Estudios de derecho comercial
Gorde:
| Egile nagusia: | |
|---|---|
| Formatua: | Liburua |
| Hizkuntza: | gaztelania |
| Argitaratua: |
Santiago
Jurídica de Chile
1959
|
| Gaiak: | |
| Etiketak: |
Etiketa erantsi
Etiketarik gabe, Izan zaitez lehena erregistro honi etiketa jartzen!
|
MARC
| LEADER | 00000nam a2200000 a 4500 | ||
|---|---|---|---|
| 001 | UCS1862 | ||
| 003 | CL-VaPUC | ||
| 008 | 970515e19590000CL |||||||||||||||||spa|d | ||
| 082 | 0 | 4 | |a 346.07 |b DAV |2 21 |
| 100 | 0 | |a Davis, Arturo |e author |9 386714 | |
| 245 | 1 | 0 | |a Estudios de derecho comercial |
| 300 | |a 174 p | ||
| 942 | |c BK | ||
| 945 | |d 19970515 00:00:00 |a paguirre | ||
| 260 | |a Santiago |b Jurídica de Chile |c 1959 | ||
| 650 | 0 | |a Derecho comercial |9 256340 | |
| 650 | 0 | |a Sociedades |9 259052 | |
| 650 | 0 | |a Sociedades anónimas |9 255387 | |
| 650 | 0 | |a Contratos |9 255153 | |
| 650 | 0 | |a Crédito |9 256211 | |
| 583 | |a last modification |c 19970515 00:00:00 |k Rodrigo Vera | ||
| 999 | |c 259894 |d 259892 | ||
| 952 | |0 0 |1 0 |4 0 |6 346_070000000000000_DAV_1959 |7 0 |8 A |9 285401 |a BIBDER |b BIBDER |d 2019-11-19 |i 1855131 |o 346.07 DAV 1959 |p 1855131 |r 2023-01-25 |w 2019-11-19 |y BK |k DER | ||